[Event "Biel"]
[Site "45"]
[Date "2012.07.31"]
[Round "8"]
[White "Carlsen, Magnus"]
[Black "Bologan, Viktor"]
[Result "1-0"]
[WhiteElo "2837"]
[BlackElo "2732"]
[Annotator "JvR"]
[PlyCount "79"]
[EventDate "2012.07.23"]
[SourceDate "2013.10.27"]

1. d4 Nf6 2. c4 c5 3. d5 b5 4. cxb5 a6 5. bxa6 g6 6. Nc3 Bxa6 7. e4 Bxf1 8.
Kxf1 d6 9. Nf3 Bg7 10. g3 O-O 11. Kg2 Nbd7 12. Qe2 Qb6 13. a4 Rfb8 14. Nb5 Ne8
15. Bg5 $5 Qd8 16. Ra3 Nb6 $2 (16... h6 17. Be3 Nc7 {
becomes active on the queenside.}) 17. b3 Qd7 18. Ra2 f6 $5 19. Bc1 f5 20. exf5
gxf5 $6 ({Preferable is} 20... Qxf5 $1 21. Qxe7 Qxd5) 21. Rd1 Nf6 22. Qe6+ Qxe6
23. dxe6 {White has a better endgame.} Ne4 24. Nh4 $1 c4 $1 25. bxc4 Nxc4 26.
Nc7 $1 Nc3 $1 27. Nxa8 Nxa2 28. Nc7 Nc3 $5 29. Rd3 Rc8 30. Nb5 $5 Nxb5 $5 31.
axb5 Rc5 32. Rb3 Na5 33. Rb1 Bd4 34. b6 Nb7 35. Rb4 Bxf2 36. Kxf2 Rc2+ 37. Kf3
Rxc1 38. Nxf5 Rf1+ 39. Kg4 Nc5 40. b7 {
Carlsen utilised the weakness of the Volga Gambit.} 1-0

[Event "Biel"]
[Site "45"]
[Date "2012.07.31"]
[Round "8"]
[White "Nakamura, Hikaru"]
[Black "Wang Hao"]
[Result "0-1"]
[WhiteElo "2778"]
[BlackElo "2739"]
[Annotator "JvR"]
[PlyCount "81"]
[EventDate "2012.07.23"]
[SourceDate "2013.10.27"]

1. c4 e5 2. Nc3 Nf6 3. g3 c6 4. Nf3 e4 5. Nd4 Qb6 6. Nb3 a5 7. d3 a4 8. Be3 Qd8
$5 9. Nd2 exd3 10. Nxa4 d5 $1 11. Bb6 Qe7 12. Bc5 Qc7 13. Bxf8 Kxf8 14. Qb3
Nbd7 15. cxd5 (15. exd3 $2 d4 $1 {favours Black.}) 15... Qa5 $5 {
He sacrifices a pawn.} 16. dxc6 bxc6 17. Nc3 Nc5 18. Qc4 Nd5 $5 19. Nxd5 cxd5
20. Qf4 (20. Qxd5 $5 Bb7 21. Qd6+ Kg8 22. f3 Bxf3 {brings a tactical fight.})
20... Ne6 $5 21. Qd6+ Kg8 22. e3 $1 Ba6 23. Bg2 Rd8 24. Qe5 h5 25. h4 Rh6 26.
a3 Qb6 27. b4 d4 28. e4 $1 Nc7 29. O-O {White can castle at last.} Re8 30. Qg5
Nb5 31. Nb3 Nc3 32. Nd2 $2 ({Correct is} 32. Nc5) 32... Qd6 33. Nf3 $5 Nxe4 34.
Rfe1 Rhe6 35. Qxh5 d2 $1 36. Red1 $2 (36. Rxe4 Rxe4 37. Nxd2 Re1+ 38. Rxe1
Rxe1+ 39. Kh2 {offers more resistance.}) 36... Be2 $1 37. Qa5 Bxd1 38. Rxd1
Nxg3 $1 39. Rxd2 Re1+ $1 40. Nxe1 Rxe1+ 41. Bf1 {
Wang Hao and Carlsen joined the lead.} 0-1

[Event "Biel"]
[Site "45"]
[Date "2012.08.01"]
[Round "9"]
[White "Bacrot, Etienne"]
[Black "Nakamura, Hikaru"]
[Result "0-1"]
[WhiteElo "2713"]
[BlackElo "2778"]
[Annotator "JvR"]
[PlyCount "60"]
[EventDate "2012.07.23"]
[SourceDate "2013.10.27"]

1. d4 d5 2. c4 c6 3. Nc3 Nf6 4. Nf3 e6 5. e3 Nbd7 6. Qc2 Bd6 7. Bd3 dxc4 8.
Bxc4 b5 9. Bd3 Bb7 10. e4 e5 11. dxe5 Nxe5 12. Nxe5 Bxe5 13. f4 Bd4 14. e5 Nd5
$5 15. Ne4 Nb4 16. Qb3 Nxd3+ 17. Qxd3 O-O 18. Nd6 Bc5 19. Be3 Bxd6 20. exd6
Qh4+ 21. g3 Qh5 22. Rc1 $5 c5 $5 23. Rxc5 Qh3 24. Rg1 Qxh2 25. Rc2 Qh3 26. Rc7
{White has the initiative.} Bf3 27. Kd2 Qe6 28. Bc5 Bg4 29. b3 Bf5 30. Re1 $4
Qxe1+ $1 {Bacrot loses material.} 0-1

[Event "Biel"]
[Site "45"]
[Date "2012.08.01"]
[Round "9"]
[White "Bologan, Viktor"]
[Black "Wang Hao"]
[Result "1-0"]
[WhiteElo "2732"]
[BlackElo "2739"]
[Annotator "JvR"]
[PlyCount "97"]
[EventDate "2012.07.23"]
[SourceDate "2013.10.27"]

1. e4 c5 2. Nf3 d6 3. d4 cxd4 4. Nxd4 Nf6 5. Nc3 a6 6. Be3 e5 7. Nb3 Be6 8. f3
h5 9. Qd2 Nbd7 10. Nd5 Bxd5 11. exd5 Qc7 12. c4 b6 13. Rc1 g6 14. Be2 Bg7 15.
O-O O-O 16. Na1 a5 17. Nc2 Nc5 18. Na3 Qe7 $5 19. Nb5 $1 Nfd7 20. Rce1 Rfc8 21.
b3 f5 22. Bd1 Nf6 23. Bc2 Kh7 24. h3 Rf8 {Black plays passively.} 25. a3 Rac8
26. b4 $1 {White has the initiative.} axb4 27. axb4 Ncd7 28. Bb3 {
The restriction increases.} Ng8 29. f4 $5 ({Preferable is} 29. Qf2 $1 Rb8 30.
Bd2 Ra8 31. Nd4) 29... Ngf6 30. Na7 Ra8 31. Nc6 Qe8 32. Bc2 Ra2 33. Qd1 Qa8 34.
fxe5 dxe5 35. Ne7 e4 36. c5 $6 {He allows a counter.} bxc5 37. bxc5 Qa3 38. Bb1
Rb2 39. Qc1 Rfb8 40. Re2 $2 ({Correct is} 40. Rf2 Ne5 41. Bc2) 40... Ne5 $2 (
40... Ne8 $1 41. Rxb2 Bxb2 42. Qd2 Rb3 {starts an attack by Black (Stohl).})
41. Rxb2 Rxb2 42. Bd4 Qg3 $5 {Black tries a last effort.} 43. Bxb2 $1 (43. Qxb2
$2 Nfg4 $1 44. hxg4 Nf3+ 45. Rxf3 exf3 {brings equality (Ten Geuzendam)}) 43...
Nf3+ 44. Rxf3 exf3 45. Qd2 $1 Nxd5 46. Nxf5 f2+ 47. Kf1 Qh2 48. Kxf2 Bxb2 49.
Qh6+ {Carlsen led by 17/6, one point ahead of Wang Hao and Giri.} 1-0

[Event "Biel"]
[Site "45"]
[Date "2012.08.02"]
[Round "10"]
[White "Carlsen, Magnus"]
[Black "Bacrot, Etienne"]
[Result "1/2-1/2"]
[WhiteElo "2837"]
[BlackElo "2713"]
[Annotator "JvR"]
[PlyCount "124"]
[EventDate "2012.07.23"]
[SourceDate "2013.10.27"]

{Carlsen needed a win in the last round.} 1. e4 e5 2. Nf3 Nc6 3. Bb5 Nf6 4. d3
Bc5 5. Bxc6 dxc6 6. Nbd2 Be6 7. b3 $5 ({Theory is} 7. O-O) 7... Ng4 8. O-O f6
9. Qe2 Qd7 10. Nc4 $1 g5 11. Rb1 b5 12. Ne3 h5 $1 13. c3 Qh7 $5 14. d4 Bb6 15.
Nc2 O-O-O 16. a4 exd4 17. Nfxd4 Bd7 18. b4 Rhe8 19. Re1 $5 a6 20. Ra1 Kb7 21.
axb5 axb5 $6 (21... cxb5 $1 {solves a doubled pawn.}) 22. c4 bxc4 23. Qxc4 Ra8
24. Rxa8 Rxa8 25. Bd2 $6 ({Preferable is} 25. Qc3 Ra2 26. Bb2) 25... h4 $1 26.
Qc3 h3 $1 27. Qxh3 $5 Qxh3 28. gxh3 Ne5 29. Kg2 Rh8 30. Nf5 Ng6 31. Ncd4 Bxd4
32. Nxd4 Rxh3 33. Re3 Nf4+ 34. Kg1 Rh8 35. Nb3 Kb6 36. Nc5 Bc8 37. Ra3 Bh3 38.
f3 Rd8 39. Bxf4 gxf4 40. Nd3 Rg8+ $1 {
The chances are almost equal, despite the doubled black pawns.} 41. Kf2 Rg2+
42. Ke1 Rxh2 43. Nxf4 Bc8 44. Ra8 Kb7 45. Ra5 Kb6 46. Nd3 Rc2 47. Rh5 Ra2 48.
Rh8 Ba6 49. Nc5 Re2+ 50. Kd1 Rf2 51. Ra8 Bb5 52. Rb8+ Ka7 53. Rb7+ Ka8 54. Rxc7
Rxf3 55. Kd2 Kb8 56. Rf7 Kc8 57. Kc2 Rf1 58. Nb7 Rf3 59. Nd6+ Kd8 60. Kb2 Ba4
61. Nb7+ Ke8 62. Nd6+ Kd8 {Carlsen did not score the necessary result.} 1/2-1/2

[Event "Biel"]
[Site "45"]
[Date "2012.08.02"]
[Round "10"]
[White "Nakamura, Hikaru"]
[Black "Bologan, Viktor"]
[Result "1-0"]
[WhiteElo "2778"]
[BlackElo "2732"]
[Annotator "JvR"]
[PlyCount "115"]
[EventDate "2012.07.23"]
[SourceDate "2013.10.27"]

1. d4 Nf6 2. c4 c5 3. d5 b5 4. cxb5 a6 5. bxa6 g6 6. Nc3 Bxa6 7. e4 Bxf1 8.
Kxf1 d6 9. Nf3 Bg7 10. g3 O-O 11. Kg2 Nbd7 12. a4 Qb6 13. Qe2 Rfb8 14. Bd2 ({
Carlsen played} 14. Nb5 {in round 8.}) 14... Ne8 15. Rhb1 Nc7 16. Nd1 $5 ({
The alternative is} 16. Ra3) 16... Qa6 {The exchange of queens is alright.} 17.
Qxa6 Rxa6 18. a5 f5 19. exf5 Nxd5 $1 20. fxg6 hxg6 {
Black has compensation for the pawn in the endgame.} 21. Ra4 $1 Nb4 22. Ne3 Rb5
23. b3 e6 $1 24. Bxb4 Rxb4 25. Rxb4 cxb4 26. Rc1 $1 Nc5 (26... Rxa5 $6 27. Rc7
Nc5 28. Nc4 Ra8 29. Nxd6 Nxb3 30. Rb7 {favours White.}) 27. Rc4 Bc3 28. Nd1
Nxb3 29. Nxc3 bxc3 30. Rxc3 Nc5 (30... Nxa5 31. Ra3 Ra7 32. Ng5 {(Arsovic)} e5
33. Ne4 d5 34. Nf6+ {also costs a pawn.}) 31. Ra3 {White has gained a pawn.} e5
32. Nd2 d5 $5 33. Nf3 Nd7 $5 (33... e4 34. Nd4 Kf7 35. f4 Kf6 {
defends more solidly.}) 34. Ne1 $1 Nb8 $2 (34... Nc5 $1 35. Nc2 Nb7 36. Nb4
Rxa5 37. Rxa5 Nxa5 38. Nxd5 Kf7 {
tries to survive in a knight ending with a minus pawn.}) 35. Rb3 $1 Nc6 36. Rb6
$1 Rxb6 37. axb6 Kf7 38. b7 Ke6 39. h4 $1 Kd6 40. g4 e4 41. h5 gxh5 42. gxh5
Kc7 43. h6 Ne5 44. h7 Nf7 45. Kg3 Kxb7 46. Nc2 Kc6 47. Kf4 Kd6 48. Kf5 Ke7 49.
Kg6 Kf8 50. Kf6 Nh8 51. Nd4 Ke8 52. Kg7 Ke7 $5 53. Kxh8 Kf8 54. Ne2 Kf7 55. Nc3
d4 56. Nxe4 d3 57. Nd2 Kf8 58. Nf3 $1 {
Bologan had lost six, drew one and won one game.} 1-0

[Event "Biel"]
[Site "45"]
[Date "2012.08.02"]
[Round "10"]
[White "Wang Hao"]
[Black "Giri, Anish"]
[Result "1-0"]
[WhiteElo "2739"]
[BlackElo "2696"]
[Annotator "JvR"]
[PlyCount "63"]
[EventDate "2012.07.23"]
[SourceDate "2013.10.27"]

{Wang Hao and Giri battle for victory in the tournament.} 1. Nf3 Nf6 2. c4 g6
3. Nc3 d5 4. Qa4+ Bd7 5. Qb3 dxc4 6. Qxc4 a6 7. d4 b5 8. Qb3 c5 9. dxc5 Bg7 10.
e4 O-O 11. Be2 Be6 12. Qc2 Nbd7 13. Be3 Rc8 14. Rd1 b4 15. Nd5 Bxd5 16. exd5
Nxc5 17. O-O a5 18. Bb5 Nce4 19. Bc6 Qc7 $5 ({Known is} 19... Nd6 20. Qe2 Nf5)
20. Rc1 Nd6 21. Qe2 Nf5 22. Bc5 Bh6 $5 (22... Rfd8 $1 {
(develops the last piece)} 23. Qa6 Nd7 $1 {equalises.}) 23. Rc2 Rfd8 24. Rd1 e6
$2 ({Better is} 24... Bf4 $1 25. Ba4 Qb7 26. Bc6 Qc7 {drawn.}) 25. dxe6 $1
Rxd1+ 26. Qxd1 fxe6 (26... Qxc6 $2 27. exf7+ Kh8 28. Be7 $1 {costs material.})
27. Ba4 $1 Qd8 $5 28. Qe2 $5 Ng7 29. Ne5 $18 Ne4 30. Nc6 Rxc6 31. Bxc6 Nxc5 32.
Rxc5 {The final standings became: Wang Hao 19/10, Carlsen 18, Giri and
Nakamura 16, Bacrot 7, Morozevich / Bologan 4. Carlsen would have won the
event, if the classical scoring system had been used.} 1-0

[Event "Biel"]
[Site "46"]
[Date "2013.07.23"]
[Round "2"]
[White "Bacrot, Etienne"]
[Black "Ding, Liren"]
[Result "1-0"]
[WhiteElo "2714"]
[BlackElo "2714"]
[Annotator "JvR"]
[PlyCount "99"]
[EventDate "2013.07.22"]
[SourceDate "2013.10.27"]

{The forty-sixth Schachfestival was played from 22 vii until 2 viii 2013.
Again six young grandmasters carried out double rounds. We follow the decided
games.   The tournament was dedicated to the memory of Olivier Breisacher.
This organiser died by an accident, shortly after the previous event.   Two
rules increased the fighting: no draw was allowed before move 40, and soccer
scoring was applied.} 1. d4 Nf6 2. c4 g6 3. Nc3 Bg7 4. e4 d6 5. h3 O-O 6. Be3
e5 7. d5 a5 8. Nf3 Na6 9. g4 Nc5 10. Nd2 c6 11. Be2 Bd7 12. g5 Ne8 13. Nb3 Nxb3
14. Qxb3 a4 15. Qc2 f5 16. h4 $5 ({The alternative is} 16. gxf6 Bxf6 17. Qd2)
16... f4 17. Bd2 Nc7 18. f3 cxd5 19. cxd5 Qb8 20. b4 Rc8 21. Qd3 Bf8 22. Rb1
Be7 23. b5 Bd8 24. Rb4 Ne8 25. b6 Rc5 26. Qb1 h6 $6 {
Black starts a doubtful manoeuvre.} 27. gxh6 Kh7 28. Nb5 Kxh6 29. a3 Kh5 30.
Kd1 Bxh4 $2 31. Be1 $1 {A powerful pin has been applied.} g5 32. Bf2 Kg6 33.
Bxc5 dxc5 34. Rb2 Qd8 35. Nc7 Rc8 36. Bb5 Nd6 37. Bxd7 Qxd7 38. Qc2 c4 39. Rb4
Rh8 40. Ne6 Kf6 41. Qg2 Nf7 42. Qh3 Ke7 43. Qf5 Rc8 44. Ng7 c3 45. Kc2 Rc5 46.
Qxd7+ Kxd7 47. Nf5 Nd6 48. Nxd6 Kxd6 49. Rxa4 Rb5 50. Rb4 {
Bacrot had a good start.} 1-0

[Event "Biel"]
[Site "46"]
[Date "2013.07.23"]
[Round "2"]
[White "Nepomniachtchi, Ian"]
[Black "Vachier Lagrave, Maxime"]
[Result "0-1"]
[WhiteElo "2717"]
[BlackElo "2719"]
[Annotator "JvR"]
[PlyCount "126"]
[EventDate "2013.07.22"]
[SourceDate "2013.10.27"]

1. d4 Nf6 2. c4 g6 3. Nc3 d5 4. Nf3 Bg7 5. h4 c5 6. dxc5 Na6 $5 ({Known is} 
6... Qa5) 7. cxd5 Qa5 8. Nd2 $6 ({Preferable is} 8. Bd2 O-O 9. e4 Nxc5 10. Qc2)
8... Nxc5 9. Nc4 Qb4 10. e3 $2 (10. Qd4 O-O 11. a3 Nb3 $1 12. Qd3 Qc5 13. Rb1 {
is alright.}) 10... Nxd5 $1 11. Qxd5 Be6 12. Nd6+ exd6 13. Qd2 O-O 14. Be2 Rac8
15. h5 Ne4 16. Nxe4 Qxe4 17. O-O d5 18. Qd1 Rfd8 19. hxg6 hxg6 20. Bd3 Qh4 21.
Bd2 d4 22. e4 Rc5 23. g3 Qh3 24. Qf3 Bg4 25. Qg2 Qh5 26. Rfc1 Rdc8 27. f4 $2 (
27. Rxc5 Rxc5 28. b4 Rc6 29. f4 {keeps the equality.}) 27... Rxc1+ 28. Rxc1
Rxc1+ 29. Bxc1 Qa5 $1 30. Qc2 Qxa2 31. f5 Qa5 32. Bd2 Qa1+ 33. Kg2 Qd1 34. Qxd1
Bxd1 35. fxg6 fxg6 {Black has an extra pawn in the two bishops ending.} 36.
Bc4+ Kh7 37. Bf4 d3 38. e5 d2 39. Bxd2 Bxe5 40. b4 Kg7 41. Bg5 Bf6 42. Bf4 Bc3
43. b5 Kf6 44. Be3 b6 45. Bf4 Be5 46. Be3 g5 47. Kh3 Bf3 48. g4 Be4 49. Bd2 Bf4
50. Bc3+ Ke7 51. Bb4+ Kd7 52. Ba3 Kc7 53. Be7 Bb7 54. Bb4 Kb8 55. Be1 Bc8 56.
Bf2 $6 (56. Bb4 a5 57. bxa6 Ka7 58. Bf1 Bxa6 {wins in a harder way for Black.})
56... Kc7 57. Be1 Kd6 58. Bb4+ Ke5 $1 {The black king enters hostile territory.
} 59. Bc3+ Ke4 $1 60. Bf6 Bb7 61. Bf1 Ke3 62. Bc4 Be4 63. Bb2 Kd2 {
Pawn b5 is going to fall.} 0-1

[Event "Biel"]
[Site "46"]
[Date "2013.07.23"]
[Round "2"]
[White "Rapport, Richard"]
[Black "Moiseenko, Alexander"]
[Result "0-1"]
[WhiteElo "2693"]
[BlackElo "2699"]
[Annotator "JvR"]
[PlyCount "76"]
[EventDate "2013.07.22"]
[SourceDate "2013.10.27"]

1. e4 c5 2. Nf3 Nc6 3. Bb5 g6 4. O-O Bg7 5. Re1 Nf6 6. e5 Nd5 7. Nc3 Nc7 8.
Bxc6 dxc6 9. Ne4 b6 10. Nf6+ Kf8 {They play a spicy opening.} 11. Ne4 h6 12. d3
g5 $5 ({Usual is} 12... Kg8) 13. Ng3 Be6 14. Qe2 Qd5 15. c4 Qd7 16. b3 f5 17.
exf6 exf6 18. Bb2 Re8 19. Qc2 h5 20. Re3 h4 21. Ne4 Rh6 22. Rae1 h3 23. g3 Bf7
24. b4 $2 cxb4 25. d4 a5 26. a3 Kg8 $1 27. axb4 axb4 28. Nfd2 g4 29. Nb3 Rg6
30. Ned2 f5 31. Nf1 b5 32. Nc5 Qc8 33. Rxe8+ Nxe8 34. Re7 bxc4 35. Ne3 $2 (35.
Rxf7 $1 Kxf7 36. Qxc4+ Kf8 37. Qxb4 {prolongs the game.}) 35... c3 $1 36. Nxf5
cxb2 37. Nd7 Qa8 38. Qxb2 c5 {Black threatens mate.} 0-1

[Event "Biel"]
[Site "46"]
[Date "2013.07.25"]
[Round "4"]
[White "Ding, Liren"]
[Black "Vachier Lagrave, Maxime"]
[Result "1-0"]
[WhiteElo "2714"]
[BlackElo "2719"]
[Annotator "JvR"]
[PlyCount "55"]
[EventDate "2013.07.22"]
[SourceDate "2013.10.27"]

1. Nf3 c5 2. c4 Nc6 3. Nc3 Nf6 4. g3 d5 5. cxd5 Nxd5 6. Bg2 g6 7. h4 Bg7 8. h5
e6 $5 ({Known is} 8... O-O) 9. h6 Bf6 10. Ne4 Be7 11. b4 $5 (11. a3) 11... cxb4
12. Bb2 $1 {Ding wanted this development quickly.} O-O 13. Rc1 Bd7 14. Nc5 Rc8
15. O-O b6 16. Nxd7 Qxd7 17. e4 Nf6 18. Qe2 Ng4 $2 (18... Rfe8 {keeps an edge.}
) 19. Bh3 $1 Nxh6 $2 20. Qe3 $1 {White refutes a wrong plan.} g5 $5 21. Nxg5 f5
({The pointe is} 21... Bc5 22. Rxc5 $1 bxc5 23. Nf3 {and White wins (Tadic).})
22. exf5 Nxf5 23. Qxe6+ Qxe6 24. Nxe6 Bc5 ({Or} 24... Rf7 25. Bg2 Bc5 26. d4)
25. Rc4 h5 26. d4 Nfxd4 27. Nxd4 Ne5 28. Bxc8 {
Bacrot and Moiseenko shared the lead.} 1-0

[Event "Biel"]
[Site "46"]
[Date "2013.07.26"]
[Round "5"]
[White "Bacrot, Etienne"]
[Black "Rapport, Richard"]
[Result "1-0"]
[WhiteElo "2714"]
[BlackElo "2693"]
[Annotator "JvR"]
[PlyCount "69"]
[EventDate "2013.07.22"]
[SourceDate "2013.10.27"]

1. d4 d5 2. c4 c6 3. Nf3 Nf6 4. Nc3 e6 5. Bg5 dxc4 6. e4 b5 7. e5 h6 8. Bh4 g5
9. Nxg5 hxg5 10. Bxg5 Nbd7 11. g3 Rg8 12. h4 Rxg5 13. hxg5 Nd5 14. g6 fxg6 15.
Qg4 Qe7 16. Bg2 Kd8 17. Qxg6 Rb8 $5 {
Rapport brings a novelty in the Botvinnik System.} ({Theory is} 17... Qb4) 18.
Bxd5 $5 exd5 $5 19. f4 $1 Bg7 $2 ({Preferable is} 19... b4 20. Ne2 c5) 20. Qxc6
Rb6 21. Qxd5 Bb7 22. Qg8+ Nf8 23. Nd5 $2 (23. Rh7 $1 Rg6 24. O-O-O $1 Rxg3 25.
d5 {wins for White.}) 23... Qd7 24. Nxb6 axb6 $2 (24... Qg4 $1 {
draws, despite the material difference.}) 25. d5 $1 Qg4 ({The pointe is} 25...
Bxd5 26. Qxd5 $1 Qxd5 27. Rd1 Qxd1+ 28. Kxd1) 26. Kf2 Qg6 27. Rae1 Bc8 28. Rh4
Bf5 29. Re3 Kc7 30. e6 Bb1 31. f5 Qf6 32. e7 Qxb2+ 33. Kf3 Qc1 34. d6+ $1 Kb7
35. Qd5+ {The standings after the first cycle became: Bacrot 9/5, Moiseenko 7,
Vachier Lagrave and Ding 6, Nepomniachtchi 4, Rapport 3.} 1-0

[Event "Biel"]
[Site "46"]
[Date "2013.07.27"]
[Round "6"]
[White "Ding, Liren"]
[Black "Moiseenko, Alexander"]
[Result "1-0"]
[WhiteElo "2714"]
[BlackElo "2699"]
[Annotator "JvR"]
[PlyCount "79"]
[EventDate "2013.07.22"]
[SourceDate "2013.10.27"]

1. d4 Nf6 2. c4 e6 3. Nf3 d5 4. Nc3 Be7 5. Bf4 O-O 6. e3 Nbd7 7. c5 Ne4 8. Rc1
f5 $5 ({The alternative is} 8... c6 9. Nxe4 dxe4) 9. h3 c6 10. Be2 Bf6 11. O-O
Qe8 12. Bh2 b6 13. Nxe4 fxe4 14. Ne5 Bxe5 15. Bxe5 Nxe5 16. dxe5 {
The exchanges have led to equalty.} Bd7 17. Qd4 b5 18. f4 exf3 19. gxf3 Qh5 20.
Kh2 Be8 $1 21. Rg1 Bg6 22. Rg3 Bf5 23. Rcg1 Rf7 24. R1g2 Qh6 25. Kg1 a5 26. h4
$1 Rfa7 27. Rg5 Rf8 28. h5 Bb1 29. a3 Rf5 {He makes a sortie from the fortress.
} 30. f4 Be4 31. R2g3 g6 $2 {The weakening is unforced.} 32. Bg4 $1 Rxg5 33.
fxg5 Qg7 34. Bxe6+ {White gains a pawn.} Kf8 35. h6 $1 Qc7 36. Bh3 $5 Ke8 $5
37. Kf2 $5 Qf7+ 38. Ke1 Qc7 39. Rg1 Qb8 40. e6 $1 {Ding has a mate attack.} 1-0

[Event "Biel"]
[Site "46"]
[Date "2013.07.29"]
[Round "7"]
[White "Moiseenko, Alexander"]
[Black "Rapport, Richard"]
[Result "1-0"]
[WhiteElo "2699"]
[BlackElo "2693"]
[Annotator "JvR"]
[PlyCount "149"]
[EventDate "2013.07.22"]
[SourceDate "2013.10.27"]

1. d4 e6 2. Nf3 c5 3. g3 b5 4. Bg2 Bb7 5. c3 Nf6 6. O-O Na6 7. Na3 Nc7 8. Bf4
Ncd5 $5 (8... a6 {was played in Gutman - Short, Wijk aan Zee 1987.}) 9. Be5 c4
$6 10. Nc2 $6 (10. Nxb5 Qb6 11. a4 d6 12. Bxf6 Nxf6 13. b4 {gains a pawn.})
10... Nb6 11. Nd2 Bxg2 12. Bxf6 Qxf6 13. Kxg2 h5 14. h4 Qg6 15. e4 Be7 16. Rh1
O-O 17. Ne3 f5 18. exf5 exf5 19. f4 Bd6 20. Qf3 Rae8 21. Rhe1 Na4 22. Rab1 Re6
23. Kf2 Nb6 24. Nd5 $1 Rfe8 $2 ({Better is} 24... Rxe1 25. Rxe1 Qf7) 25. Nxb6
axb6 26. Qd5 $1 {He controls the centre.} Qg4 $5 27. Nf3 g5 $5 28. Nxg5 Bxf4 $1
{Black wins pawns for a piece.} 29. gxf4 Qxh4+ 30. Kf1 Qxf4+ 31. Nf3 $1 Kh8 32.
Rxe6 Rxe6 33. Re1 Rxe1+ 34. Kxe1 {White has a knight for two pawns.} d6 $5 ({Or
} 34... Qc1+ 35. Kf2 Qxb2+ 36. Kg3 Qxc3 37. Qxf5) 35. Ke2 h4 36. Qe6 h3 37.
Qf6+ Kg8 38. Qg6+ Kf8 39. Qf6+ Kg8 40. Qg6+ Kf8 41. Kf2 h2 42. Qh5 Qc1 43.
Qxf5+ Ke7 44. Qh7+ Kd8 45. Qxh2 Qxb2+ 46. Kf1 Qc1+ 47. Ke2 Qc2+ 48. Nd2 Kc7 49.
a3 Qxc3 50. Qxd6+ $1 Kb7 51. Qd7+ Ka6 52. Qc8+ Ka7 53. Qc7+ Ka8 54. Qc6+ Ka7
55. Qxb5 Qd3+ 56. Kd1 Qxd4 57. Qxc4 Qa1+ 58. Qc1 $1 Qg7 59. Kc2 b5 60. Nb3 Ka6
61. Qd2 Qg6+ 62. Kb2 Qc6 63. Qf2 Qh6 64. Nc5+ Kb6 65. Ne6+ Kb7 66. Qg2+ Kb6 67.
Qg1+ Ka6 68. Nc7+ Kb7 69. Nxb5 Qd2+ 70. Ka1 $1 Ka6 71. Nd4 Qc3+ 72. Ka2 Qd2+
73. Kb1 Qd3+ 74. Kb2 Qd2+ 75. Nc2 $1 {White's manoeuvring has been successful.}
1-0

[Event "Biel"]
[Site "46"]
[Date "2013.07.29"]
[Round "7"]
[White "Vachier Lagrave, Maxime"]
[Black "Nepomniachtchi, Ian"]
[Result "1-0"]
[WhiteElo "2719"]
[BlackElo "2717"]
[Annotator "JvR"]
[PlyCount "131"]
[EventDate "2013.07.22"]
[SourceDate "2013.10.27"]

1. d4 Nf6 2. c4 g6 3. g3 c6 4. Bg2 d5 5. cxd5 cxd5 6. Nf3 Bg7 7. Nc3 Ne4 8. Qb3
Nxc3 9. bxc3 O-O 10. Nd2 e6 11. e4 b6 $5 (11... e5 12. exd5 exd4 {
drew in Szabo - Pilnik, Gothenborg 1955.}) 12. O-O Bb7 13. e5 Nc6 14. Re1 Rc8
15. Re3 {White overprotects pawn c3.} Na5 16. Qd1 Qe7 17. a4 Rfd8 18. h4 Rd7
19. Ba3 Qd8 20. h5 Rdc7 21. Rc1 Ba6 22. Bd6 Rd7 23. Bb4 Nc6 24. Ba3 Rdc7 25.
hxg6 hxg6 26. f4 Bf8 $1 {Black has the initiative on the queenside.} 27. Bb2
Be7 28. g4 Qf8 29. Qe1 Qh6 30. g5 $1 Qg7 31. Rh3 {Now White shows aggression.}
Kf8 {The king has to flee.} 32. Kf2 Ke8 33. Qh1 Kd7 $2 ({Right is} 33... Bf8
34. Rh7 Qg8 35. Rh8 Qg7) 34. Bxd5 $1 Qf8 (34... exd5 35. Rh7 Qf8 36. Qh3+ Ke8
37. Rh8 {costs a queen.}) 35. Rh7 Rd8 36. Qh3 Rcc8 37. Ba3 $1 Kc7 38. Bxe7 $5
Nxe7 39. Be4 Kb8 40. Qe3 $6 (40. a5 $1 Rxd4 41. cxd4 Rxc1 42. axb6 axb6 43. Qa3
{wins for White.}) 40... Nf5 41. Bxf5 gxf5 42. c4 Rc7 43. a5 Rcd7 44. d5 exd5
45. e6 $1 fxe6 46. Rxd7 Rxd7 47. axb6 dxc4 48. Nxc4 Bxc4 49. Rxc4 Qd6 50. bxa7+
Rxa7 51. g6 $6 {He allows a counter.} e5 $1 52. Rc2 $1 Qd4 ({The pointe is} 
52... Qxg6 53. Qxe5+ Ka8 54. Qh8+ Kb7 55. Qc8+) 53. Qxd4 $5 exd4 54. Rc6 $1 Kb7
55. Rf6 Ra2+ 56. Kg3 Ra1 57. Rxf5 Rg1+ 58. Kf3 Rxg6 59. Rd5 $1 {
White achieves a theoretical win.} Kc7 60. Rxd4 Rg8 61. Ke4 Kc6 62. Ke5 Re8+
63. Kf6 Kc5 64. Rd7 Kc6 65. Re7 Rf8+ 66. Ke5 {Bacrot kept the lead.} 1-0

[Event "Biel"]
[Site "46"]
[Date "2013.07.30"]
[Round "8"]
[White "Nepomniachtchi, Ian"]
[Black "Moiseenko, Alexander"]
[Result "1-0"]
[WhiteElo "2717"]
[BlackElo "2699"]
[Annotator "JvR"]
[PlyCount "151"]
[EventDate "2013.07.22"]
[SourceDate "2013.10.27"]

1. e4 c5 2. Nf3 Nc6 3. Bb5 e6 4. Bxc6 bxc6 5. b3 d6 6. e5 dxe5 7. Nxe5 Qd5 ({
The alternative is} 7... Qd4 8. Nc4 Qxa1 9. Nc3) 8. Nf3 Qe4+ 9. Kf1 Qf5 10. Na3
Ba6+ $5 (10... Nf6 {drew in Grischuk - Radjabov, Moscow 2012.}) 11. d3 Bd6 12.
h3 Ne7 13. Qe1 e5 $5 14. Nd2 O-O 15. Nac4 Bxc4 16. Nxc4 Qe6 17. Bb2 f6 {
Black has a passive game.} 18. Qe4 Nd5 19. Re1 Rae8 20. Qf3 Bc7 21. h4 Nb6 22.
Nd2 f5 23. h5 h6 24. Rh4 Qd7 25. Qd1 Bd8 26. Rh3 Bf6 27. Ba3 Qd6 28. Kg1 e4 $5
29. Nf1 $5 (29. dxe4 $1 fxe4 30. Re2 Qd5 31. Qe1 {achieves a plus.}) 29... Bd4
30. c3 $1 Bxc3 31. dxe4 Qe5 $1 32. Re2 fxe4 33. Nd2 Rd8 34. Qc1 Bd4 35. Nxe4
Rxf2 $5 36. Rxf2 Qxe4 37. Bxc5 Bxf2+ 38. Bxf2 Qe2 39. Qe3 Rd1+ 40. Kh2 Rd2 41.
Qxe2 Rxe2 42. Bd4 $1 {White takes the initiative.} Rxa2 43. Rg3 Ra5 44. Rxg7+
Kf8 45. g4 Rd5 $2 (45... c5 $1 46. Bf6 Nd5 47. Rg6 Nxf6 48. Rxf6+ Kg7 {
defends properly.}) 46. Bc3 Rd3 47. Ba1 Rd2+ 48. Kg3 Ra2 49. Bf6 Nd5 50. Rg6
Nxf6 51. Rxf6+ Kg7 52. Rg6+ Kh7 53. Rxc6 a5 54. Rc7+ Kg8 55. Kf4 a4 56. b4 $1
Rb2 57. Rb7 a3 58. Kf5 Rg2 $5 ({Or} 58... a2 59. Kg6 Kf8 60. Ra7 Rg2 $1) 59.
Ra7 a2 60. b5 Kf8 61. Kf6 Kg8 62. Kf5 Kf8 63. Ke6 Rb2 $2 {
The defence breaks down at last.} ({Better is} 63... Rd2 64. b6 Rb2 65. b7 Rb6+
) 64. Kf6 $1 Ke8 65. Kg6 Rg2 $5 66. Kxh6 Rxg4 67. Rxa2 {
He has gained two pawns.} Rb4 68. Re2+ Kf7 69. Re5 $1 Kf6 70. Rc5 Rb1 71. Kh7
Rb2 72. h6 Rd2 73. Rc6+ Kf7 74. b6 Rd8 75. b7 Rb8 76. Rb6 $1 {
White wins the rook ending.} 1-0